[Event "Lido Adriano op 1st"]
[Site "Ravenna"]
[Date "2011.05.11"]
[Round "5"]
[White "Di Lazzaro, Gabriele"]
[Black "De Caro, Nicola"]
[Result "1-0"]
[WhiteElo "1921"]
[BlackElo "1815"]
[PlyCount "129"]
[EventDate "2011.04.02"]
[EventType "swiss"]
[EventRounds "9"]
[EventCountry "ITA"]
[SourceTitle "EXT 2023"]
[Source "ChessBase"]
[SourceDate "2022.10.05"]
[SourceVersion "1"]
[SourceVersionDate "2022.10.05"]
[SourceQuality "1"]

1. e4 d6 2. d4 g6 3. Nc3 Bg7 4. Nf3 Nd7 5. Be2 e6 6. Be3 Ne7 7. Qd2 h6 8. a4 b6 9. a5 a6 10. axb6 Nxb6 11. 0-0 Bb7 12. Ra2 d5 13. exd5 Nexd5 14. Nxd5 Nxd5 15. Rfa1 Qc8 16. Ne5 Bxe5 17. dxe5 Nxe3 18. Qxe3 g5 19. Bd3 0-0 20. h4 Qd8 21. Ra4 f6 22. hxg5 fxg5 23. Qh3 Qd5 24. f3 Qc5+ 25. Kh1 Qxe5 26. Qxh6 Kf7 27. Qh5+ Ke7 28. Kg1 Qe3+ 29. Kf1 Rh8 30. Bh7 Bxf3 31. gxf3 Raf8 32. R4a3 Qf4 33. Re1 Rf7 34. Qg6 Rhxh7 35. Qxe6+ Kf8 36. Qe8+ Kg7 37. Qe5+ Qxe5 38. Rxe5 Rh3 39. Kg2 Rh5 40. Rxa6 Rd7 41. Re2 Kf8 42. Kg3 Rdh7 43. Rae6 Rh3+ 44. Kg4 R7h4+ 45. Kf5 Rh7 46. Re8+ Kg7 47. R2e7+ Kh6 48. Rxh7+ Kxh7 49. Kg4 Rh2 50. Re7+ Kg6 51. Rxc7 Rg2+ 52. Kh3 Rg1 53. b4 Kf5 54. Kh2 Rb1 55. c3 Rb2+ 56. Kg3 Rb1 57. Rc5+ Kg6 58. b5 Rb2 59. f4 gxf4+ 60. Kxf4 Rb1 61. Ke5 Rh1 62. Kd6 Kf6 63. b6 Re1 64. b7 Re6+ 65. Kc7 1-0

[Event "Lido Adriano op 1st"]
[Site "Ravenna"]
[Date "2011.04.05"]
[Round "4"]
[White "De Caro, Nicola"]
[Black "Solaroli, Riccardo"]
[Result "0-1"]
[WhiteElo "1815"]
[BlackElo "1937"]
[PlyCount "82"]
[EventDate "2011.04.02"]
[EventType "swiss"]
[EventRounds "9"]
[EventCountry "ITA"]
[SourceTitle "EXT 2023"]
[Source "ChessBase"]
[SourceDate "2022.10.05"]
[SourceVersion "1"]
[SourceVersionDate "2022.10.05"]
[SourceQuality "1"]

1. d4 Nf6 2. c4 g6 3. Nc3 d5 4. cxd5 Nxd5 5. e4 Nxc3 6. bxc3 Bg7 7. Bc4 c5 8. Be3 0-0 9. Ne2 Nc6 10. Rb1 Na5 11. Bd3 cxd4 12. cxd4 b6 13. 0-0 e6 14. Qd2 Bb7 15. Rfc1 Qe7 16. Qb4 Qxb4 17. Rxb4 Rac8 18. Rbb1 Nc6 19. Rc4 Ba6 20. Rc3 Bxd3 21. Rxd3 Rfd8 22. f3 Na5 23. d5 exd5 24. exd5 Rc2 25. Nf4 Rxa2 26. Rc1 Ra1 27. d6 Rxc1+ 28. Bxc1 Nc4 29. Ba3 Be5 30. Ne2 Nxa3 31. Rxa3 Rd7 32. f4 Bxd6 33. Ra1 Bc5+ 34. Kf1 a5 35. Ng3 f5 36. h4 Rd2 37. Ne2 b5 38. Ke1 Bb4 39. Kf2 Kf7 40. Ke3 Rd7 41. Ra2 Bc5+ 0-1

[Event "Viterbo op 6th"]
[Site "Viterbo"]
[Date "2009.06.02"]
[Round "7"]
[White "De Caro, Nicola"]
[Black "Cannada Bartoli, Vincenzo"]
[Result "0-1"]
[WhiteElo "1656"]
[BlackElo "2006"]
[PlyCount "106"]
[EventDate "2009.05.30"]
[EventType "swiss"]
[EventRounds "7"]
[EventCountry "ITA"]
[SourceTitle "EXT 2011"]
[Source "ChessBase"]
[SourceDate "2010.11.26"]
[SourceVersion "1"]
[SourceVersionDate "2010.11.26"]
[SourceQuality "1"]

1. d4 Nf6 2. c4 g6 3. Nc3 d5 4. cxd5 Nxd5 5. e4 Nxc3 6. bxc3 Bg7 7. Bc4 c5 8. Ne2 Nc6 9. Be3 cxd4 10. cxd4 0-0 11. 0-0 Na5 12. Bd3 Bd7 13. Rb1 b6 14. Qd2 Re8 15. Bh6 Bh8 16. h4 Bg4 17. f3 Bxd4+ 18. Nxd4 Qxd4+ 19. Kh1 Red8 20. fxg4 Qxd3 21. Qf4 Qc4 22. Qe5 Qd4 23. Qxe7 Rd7 24. Qg5 Re8 25. Rbd1 Qxd1 26. Rxd1 Rxd1+ 27. Kh2 Re6 28. Qf4 Rd8 29. Qc7 Nc6 30. Qf4 Rde8 31. Kh3 Nd4 32. Qf2 Rxe4 33. Qf6 Ne6 34. Qf3 Rc4 35. Bd2 Rec8 36. Qf6 Rd8 37. Qf1 Rdd4 38. Bc1 Rxg4 39. g3 f5 40. Qe1 Rge4 41. Qd1 Red4 42. Qe1 Re4 43. Qd1 Rcd4 44. Qb3 Kf7 45. Bb2 Rc4 46. Qb5 Rc7 47. Qd5 a6 48. Be5 Ra7 49. Bb8 Re7 50. Bf4 Kf6 51. Bd2 Kf7 52. Bc3 f4 53. gxf4 Re3+ 0-1

[Event "Amantea op-B 6th"]
[Site "Amantea"]
[Date "2008.08.31"]
[Round "1"]
[White "De Caro, Nicola"]
[Black "Carlomagno, Vincenzo"]
[Result "1-0"]
[WhiteElo "1635"]
[BlackElo "1422"]
[PlyCount "65"]
[EventDate "2008.08.31"]
[EventType "swiss"]
[EventRounds "9"]
[EventCountry "ITA"]
[SourceTitle "CBM 126 Extra"]
[Source "ChessBase"]
[SourceDate "2008.11.05"]
[SourceVersion "1"]
[SourceVersionDate "2008.11.05"]
[SourceQuality "1"]

1. d4 Nf6 2. c4 e6 3. Nf3 b6 4. a3 Bb7 5. Nc3 d5 6. cxd5 exd5 7. Qc2 Be7 8. Bf4 a6 9. Rc1 Bd6 10. Bxd6 Qxd6 11. e3 0-0 12. Bd3 h6 13. Ne5 Nbd7 14. f4 Qe7 15. 0-0 Nxe5 16. fxe5 Ng4 17. Rf3 Qg5 18. Qe2 c5 19. Rg3 h5 20. Qe1 cxd4 21. exd4 Qf4 22. Ne2 Qh6 23. h3 Ne3 24. Qf2 Nc4 25. Bxc4 dxc4 26. Rxc4 Rac8 27. Rcc3 Qd2 28. Nf4 Qd1+ 29. Kh2 Rxc3 30. Rxc3 g5 31. Qg3 g4 32. Nxh5 Kh8 33. Nf6 1-0